Vista normal Vista MARC

Entrada Materia (personas)

Número de registros utilizados en: 1

001 - CONTROL NUMBER

  • control field: 158160

003 - CONTROL NUMBER IDENTIFIER

  • control field: Co-BoUCM

005 - DATE AND TIME OF LATEST TRANSACTION

  • control field: 20211110115935.0

008 - FIXED-LENGTH DATA ELEMENTS

  • fixed length control field: 211110|| aca||aabn | a|a d

040 ## - CATALOGING SOURCE

  • Original cataloging agency: Co-BoUCM
  • Transcribing agency: Co-BoUCM

100 ## - HEADING--PERSONAL NAME

  • Personal name: Rojas, Eduardo; Daughters, Robert; Ed

670 ## - SOURCE DATA FOUND

  • Source citation: Work cat.: (Co-BoUCM)31659: Simposio de Ciudades y Foro de Buenas Prácticas en Gestión Urbana (1997: Barcelona, España) 158159, La ciudad en el siglo XXI, 1998